Tutti gli Stati che hanno controllato Ashgabat - Statistics

Statistiche generali
  • Questo quiz è stato fatto 8 volte
  • Il punteggio medio è 4 su 6
Statistiche sulle risposte
con Immagini Hint Risposta % Corretto
1881 - 1917 Impero Russo
100%
1991 - Oggi Repubblica del Turkmenistan
100%
1922 - 1991 Unione Sovietica
100%
1917 - 1918 Repubblica Russa
86%
1918 - 1922 Repubblica Socialista Sovietica Autonoma del Turkestan
29%
1918 - 1920 Governo Provvisorio Transcaspiano
14%
Nessun quiz corrispondente trovato
Distribuzione punteggi
Percentuale di utenti per punteggio
Percentile per numero di risposta
I tuoi punteggi nel tempo
Non hai fatto questo quiz